| 000 | 00533nam a22001817a 4500 | ||
|---|---|---|---|
| 005 | 20180104145335.0 | ||
| 010 | _aB-59596 | ||
| 020 | _c00.00 | ||
| 035 | _aB-059596 | ||
| 037 | _aDPL | ||
| 082 | _a020.3-SHA | ||
| 100 | _aSharma, C. K. | ||
| 245 |
_aEncyclopeadic dictionary of Library, information science and network / _cby C. K. Sharma |
||
| 260 |
_aNew Delhi _bJBD Book Distributor _c2002 |
||
| 270 | _a10149,KCP,Model Basti, New Delhi-110005 | ||
| 300 |
_a244p. _c18 cms. |
||
| 942 |
_2ddc _cEN _h020.3 _mSHA |
||
| 999 |
_c63295 _d63295 |
||